Loading...

Poetical works with memoir critical dissertation and explanatory notes by George Gifillan 2V. /

Bibliografiske detaljer
Hovedforfatter: Burns, Robert
Sprog:Undetermined
Udgivet: 1868.
LEADER 00620nam a2200133Ia 4500
001 34858
008 170722s9999 xx 000 0 und d
100 |a Burns, Robert 
245 |a Poetical works with memoir critical dissertation and explanatory notes by George Gifillan 2V. / 
260 |c 1868. 
942 |c GEN 
999 |c 28155  |d 28155 
952 |0 0  |1 0  |4 0  |6 O_1L59X_AY8_1AY8_2_000000000000000_CR  |7 0  |9 32855  |a LIB  |b LIB  |d 2017-08-12  |o O-,1L59x AY8.1-AY8.2 (CR)  |p 63  |r 2017-08-12  |w 2017-08-12  |y GEN 
952 |0 1  |1 0  |4 0  |6 O_1L59X_AY8_1AY8_2_000000000000000_CR  |7 0  |9 32856  |a LIB  |b LIB  |d 2017-08-12  |o O-,1L59x AY8.1-AY8.2 (CR)  |p 64  |r 2017-08-12  |w 2017-08-12  |y GEN